logo

Bir Sreshtho Munshi Abdur Rouf Library
Jhenaidah Cadet College

A long way home / (Record no. 4999)

MARC details
000 -LEADER
fixed length control field 00544nam a2200229 a 4500
001 - CONTROL NUMBER
JCCL Control Number 4999
003 - CONTROL NUMBER IDENTIFIER
JCCL marc code BD-JhCC
005 - DATE AND TIME OF LATEST TRANSACTION
control field 20180813134016.0
008 - FIXED-LENGTH DATA ELEMENTS--GENERAL INFORMATION
fixed length control field 020607s1997 enk | |||| ||eng|
020 ## - INTERNATIONAL STANDARD BOOK NUMBER
International Standard Book Number 0744541670
029 ## - (OCLC)
OCLC library identifier R9822
035 ## - SYSTEM CONTROL NUMBER
system control number (BD-JhCC)4999
040 ## - CATALOGING SOURCE
Original cataloging agency BDS
Modifying agency BD-JhCC
041 ## - LANGUAGE CODE
Language code of Book eng
082 ## - DEWEY DECIMAL CLASSIFICATION NUMBER
DDC Edition number 23
Classification number 823.914
Author mark and Year TUR 1997
100 1# - MAIN ENTRY--PERSONAL NAME
Personal name Turnbull, Ann.
245 12 - TITLE STATEMENT
Title A long way home /
Statement of responsibility, etc Ann Turnbull.
260 ## - PUBLICATION, DISTRIBUTION, ETC. (IMPRINT)
Place of publication, distribution, etc London :
Name of publisher, distributor, etc Walker,
Date of publication, distribution, etc 1997.
300 ## - PHYSICAL DESCRIPTION
Pagination 127p ;
Dimensions 23cm.
650 ## - SUBJECT ADDED ENTRY--TOPICAL TERM
Topical term or geographic name as entry element War stories
942 ## - ADDED ENTRY ELEMENTS (KOHA)
Source of classification or shelving scheme Dewey Decimal Classification
Koha item type Books
Koha issues (borrowed), all copies 1
Holdings
Source of classification or shelving scheme Damaged status Not for loan Home library Current library Shelving location Date of accession Source of acquisition Total Checkouts Full call number Barcode Date last seen Date checked out Copy number Koha item type
Dewey Decimal Classification     JCC Rouf Library JCC Rouf Library General Stacks 12/06/2017 Stowe School Library 5 823.914 TUR 1997 6928 05/26/2025 05/24/2025 C-1 Books

JCC Library | Contacts | JCC Home

Last Update on 23 September 2017
Copyright @ 2017-2020 JCC Rouf Library
Rouf Library, Jhenidah Cadet College (JCC), Bangladesh